Most Loved Countries - Statistics

General Stats
  • This quiz has been taken 78 times
  • The average score is 18 of 20
Answer Stats
Rank Country Reputation score % Correct
3 Sweden 76.6
99%
6 Finland 75.1
95%
14 Italy 69.4
95%
2 Norway 77.1
95%
13 United Kingdom 69.5
95%
1 Canada 78.1
93%
8 Denmark 74.5
93%
19 France 64.4
93%
16 Japan 69.0
92%
5 Australia 76.3
91%
17 Spain 67.8
91%
9 Netherlands 73.7
89%
4 Switzerland 76.4
88%
15 Germany 69.0
87%
10 Belgium 72.3
84%
11 Ireland 72.0
84%
7 New Zealand 75.0
84%
18 Portugal 64.4
84%
12 Austria 71.2
83%
20 Singapore 61.1
49%
No matching quizzes found
Score Distribution
Percent of People with Each Score
Percentile by Number Answered
Your Score History
You have not taken this quiz